000 00586nam a2200181Ia 4500
003 GCL
008 140319s9999 xx 000 0 ara d
040 _aGCL /
_cGCL
082 0 4 _a956.509
_bس ا
100 1 _aسيل، باتريك
245 1 0 _aالاسد: الصراع على الشرق الاوسط /
_cسيل، باتريك
300 _a832 ص
490 _aالهيئة العامة للاستعلامات
_v0
650 0 4 _aحافظ الاسد
650 0 4 _aحكم حزب البعث (1963م)
650 0 4 _aسوريا - تاريخ - العصر الحديث
942 _2ddc
_cBK
999 _c49016
_d49016